Destination Sciences Po : Concours commun IEP 2026 (notice n° 1638747)

détails MARC
000 -LEADER
fixed length control field 01140cam a2200181 4500500
005 - DATE AND TIME OF LATEST TRANSACTION
control field 20260201002943.0
041 ## - LANGUAGE CODE
Language code of text/sound track or separate title fre
042 ## - AUTHENTICATION CODE
Authentication code dc
100 10 - MAIN ENTRY--PERSONAL NAME
Personal name Delarue, Dimitri
Relator term author
245 00 - TITLE STATEMENT
Title Destination Sciences Po : Concours commun IEP 2026
260 ## - PUBLICATION, DISTRIBUTION, ETC.
Name of publisher, distributor, etc. Armand Colin,<br/>
Date of publication, distribution, etc. 2025.<br/>
520 ## - SUMMARY, ETC.
Summary, etc. Le manuel le plus complet&amp;#8239;!Tout le cours en histoire et en anglaisUne synthèse sur les thèmes 2025 de questions contemporaines: Solidarités – Le corpsLa méthodologie de toutes les épreuves10 sujets d’entraînement et annales corrigés pour toutes les épreuves du concours communPréparez-vous à toutes les épreuvesPréparation du dossier Parcoursup: Fonctionnement, attentes des IEPConcours commun des IEP d’Aix-en-Provence, Lille, Lyon, Rennes,Saint-Germain-en-Laye, Strasbourg et Toulouse: Questions contemporaines, Histoire, Anglais
700 10 - ADDED ENTRY--PERSONAL NAME
Personal name Gallix, Sophie
Relator term author
700 10 - ADDED ENTRY--PERSONAL NAME
Personal name Gayard, Laurent
Relator term author
700 10 - ADDED ENTRY--PERSONAL NAME
Personal name Grenier, Nicolas
Relator term author
700 10 - ADDED ENTRY--PERSONAL NAME
Personal name Petit, Marie-Pierre
Relator term author
856 41 - ELECTRONIC LOCATION AND ACCESS
Uniform Resource Identifier <a href="https://shs.cairn.info/destination-sciences-po--9782200642105?lang=fr&redirect-ssocas=7080">https://shs.cairn.info/destination-sciences-po--9782200642105?lang=fr&redirect-ssocas=7080</a>

Pas d'exemplaire disponible.

PLUDOC

PLUDOC est la plateforme unique et centralisée de gestion des bibliothèques physiques et numériques de Guinée administré par le CEDUST. Elle est la plus grande base de données de ressources documentaires pour les Étudiants, Enseignants chercheurs et Chercheurs de Guinée.

Adresse

627 919 101/664 919 101

25 boulevard du commerce
Kaloum, Conakry, Guinée

Réseaux sociaux

Powered by Netsen Group @ 2025